A time to heal : the road to recovery for adult children of alcoholics /

Bibliographic Details
Main Author: Cermak, Timmen L.
Format: Book
Language:English
Published: Los Angeles : J.P. Tarcher ; [1988]
Edition:1st ed.
Subjects:

MARC

Tag First Indicator Second Indicator Subfields
LEADER 00000cam a2200000 a 4500
001 in00000023617
005 20151007054255.0
008 871008s1988 cau b 00110 eng
010 |a  87029127  
020 |a 0874774543 
035 |a (OCoLC)16900762 
035 |9 AAB4531AM 
040 |a DLC  |c DLC  |d VET  |d TXA  |d UtOrBLW 
043 |a n-us--- 
049 |a TXAM  |c [A11501781] 
050 0 0 |a HV5132  |b .C45 1988 
082 0 |a 362.2/92  |2 19 
100 1 |a Cermak, Timmen L. 
245 1 2 |a A time to heal :  |b the road to recovery for adult children of alcoholics /  |c Timmen L. Cermak. 
250 |a 1st ed. 
264 1 |a Los Angeles :  |b J.P. Tarcher ;  |c [1988] 
264 2 |a New York :  |b Distributed by St. Martin's Press, 
264 4 |c ©1988 
300 |a x, 227 pages ;  |c 22 cm. 
336 |a text  |b txt  |2 rdacontent 
337 |a unmediated  |b n  |2 rdamedia 
338 |a volume  |b nc  |2 rdacarrier 
504 |a Bibliography: pages 225-227. 
500 |a Includes index. 
650 0 |a Adult children of alcoholics  |x Rehabilitation  |z United States. 
999 |a MARS 
999 f f |s 94790493-b1cc-3d0b-b9e4-4a8560a2f524  |i 087fc7e7-20fd-3b3a-a39e-58f4d4e9591c  |t 0 
952 f f |p ric  |a Texas A&M University  |b Rellis Campus  |c Joint Library Facility  |d Remote Storage  |t 0  |e HV5132 .C45 1988  |h Library of Congress classification  |i unmediated -- volume  |m A14811501781 
998 f f |a HV5132 .C45 1988  |t 0  |l Remote Storage